Savills rural estate benchmarking survey 2006 (Record no. 106038)

MARC details
000 -LEADER
fixed length control field 01161cam a2200241 4500
001 - CONTROL NUMBER
control field ##L135392
008 - FIXED-LENGTH DATA ELEMENTS--GENERAL INFORMATION
fixed length control field 061023n2006 000 0 eng u
035 ## - SYSTEM CONTROL NUMBER
System control number (Sirsi) u135392
041 0# - LANGUAGE CODE
Language code of text/sound track or separate title eng
050 04 - LIBRARY OF CONGRESS CALL NUMBER
Classification number 333.335 $2 18
110 2# - MAIN ENTRY--CORPORATE NAME
Corporate name or jurisdiction name as entry element Savills Rural Research
9 (RLIN) 5066
245 00 - TITLE STATEMENT
Title Savills rural estate benchmarking survey 2006
260 ## - PUBLICATION, DISTRIBUTION, ETC.
Place of publication, distribution, etc. London
Name of publisher, distributor, etc. Savills
Date of publication, distribution, etc. 2006
490 #0 - SERIES STATEMENT
Series statement Savills Rural Research Bulletin
Volume/sequential designation (08-06) September 2006
520 ## - SUMMARY, ETC.
Summary, etc. Summarises the results of the 2006 Savills rural estates benchmarking survey, now in its 11th year. Records data from 175 participating estates with a combined acreage of around 850 000 acres. The 2006 survey shows that the average estate includes about 4 500 acres (1 800 ha) and around 50 residential properties. Covers English and Scottish estates.
590 ## - LOCAL NOTE (RLIN)
Local note IKA311006
650 ## - SUBJECT ADDED ENTRY--TOPICAL TERM
Topical term or geographic name entry element SAVILLS RURAL ESTATE BENCHMARKING SURVEY
651 #4 - SUBJECT ADDED ENTRY--GEOGRAPHIC NAME
Geographic name England
Chronological subdivision 886-
651 #4 - SUBJECT ADDED ENTRY--GEOGRAPHIC NAME
Geographic name Scotland
Chronological subdivision 1999-
690 ## - LOCAL SUBJECT ADDED ENTRY--TOPICAL TERM (OCLC, RLIN)
Topical term or geographic name as entry element PROPERTY-RURAL AND NATURAL ASSETS-RURAL AND NATURAL ASSET MARKET
856 40 - ELECTRONIC LOCATION AND ACCESS
Uniform Resource Identifier <a href="https://www.savills.com">https://www.savills.com</a>
Public note View the survey free of charge after free registration at www.savills.com...
942 ## - ADDED ENTRY ELEMENTS (KOHA)
Suppress in OPAC 0
Holdings
Withdrawn status Lost status Source of classification or shelving scheme Damaged status Not for loan Home library Current library Shelving location Date acquired Total Checkouts Full call number Barcode Date last seen Copy number Price effective from Koha item type
    Dewey Decimal Classification     Virtual Virtual Online 23/10/2006   ONLINE PUBLICATION 135392-2001 06/08/2019 1 06/08/2019 Book